000 003660000a22001450004500
041 0 _aSPA
082 0 4 _aG 843 C211f
100 1 _aCamus, Albert (1913-1960)
245 1 0 _aEl extranjero / Albert Camus ; Bonifacio del Carril, Traductor
260 _a[S.L] : Oveja Negra
300 _a156 Pag
500 _aTitulo original : L'etranger
001 11350
942 _cBK
999 _c40682
_d40682